000 00331nam a22001457a 4500
003 SGT
082 _a615.5
_bA12S
100 _aSHARGEL, LEON
245 _aAPPLIED BIOPHARMACEUTICS & PHARMACOKINETICS
250 _a6TH
260 _aNEW YORK
_bMCGRAW HILL
_c2012
300 _a811
650 _aPHARMACOLOGY
942 _2ddc
_cBK
999 _c10511
_d10511